Bordering Countries #1 - Statistics

General Stats
  • This quiz has been taken 32 times
  • The average score is 47 of 50
Answer Stats
Direction KAZAKHSTAN % Correct
West Austria
100%
East Austria
100%
East China
100%
North China
100%
East China
100%
North Germany
100%
South Hungary
100%
West India
100%
South Kyrgyzstan
100%
East Kyrgyzstan
100%
North Russia
100%
East Russia
100%
West Serbia
100%
East Tajikistan
100%
West Thailand
100%
East Thailand
100%
South Turkmenistan
100%
South Turkmenistan
100%
South Argentina
97%
East and North Brazil
97%
South Cambodia
97%
West Chile
97%
West Czechia
97%
West Lithuania
97%
West Myanmar
97%
South Paraguay
97%
West Peru
97%
North Poland
97%
West Poland
97%
East Ukraine
97%
South Ukraine
97%
South Uzbekistan
97%
East Vietnam
97%
West France
93%
South Greece
93%
South Italy
93%
North Romania
93%
South Turkey
93%
South Afghanistan
90%
West Bangladesh
90%
West and North Kazakhstan
90%
East Laos
90%
North Latvia
90%
East Liechtenstein
86%
West Macedonia
86%
South Rwanda
86%
North South Sudan
86%
East Kenya
83%
South Tanzania
79%
West Democratic Republic Of Congo
45%
No matching quizzes found
Score Distribution
Percent of People with Each Score
Percentile by Number Answered
Your Score History
You have not taken this quiz